Spanish rivers on a map - Statistics

General Stats
  • This quiz has been taken 278 times
  • The average score is 6 of 13
Answers on the Map
Answers color-coded by a green-red scale on the quiz's map according to % correct below.
 
Answer Stats
River Length % Correct
Ebro 928km
95%
Tagus 1007km
88%
Douro 897km
77%
Guadalquivir 657km
75%
Guadiana 744km
66%
Miño Sil 318km
49%
Segura 325km
43%
Júcar 498km
38%
Pisuerga 280km
27%
Esla 288km
18%
Jarama 190km
15%
Genil 358km
14%
Jalón 224km
10%
No matching quizzes found
Score Distribution
Percent of People with Each Score
Percentile by Number Answered
Your Score History
You have not taken this quiz